Statistiques concernant Champions et vice-champions du monde de handball

Cliquez ici pour prendre le quiz!

Statistiques générales

  • Ce quiz a été pris 248 fois
  • Le résultat moyen est 44 sur 50

Statistiques - réponses

AnnéeChampions et vice-champions% Correct
1995France
100%
1993France
100%
2017France
100%
2015France
100%
2011France
100%
2009France
100%
2001France
100%
2013Espagne
97%
2005Espagne
97%
2017Norvège
96%
2003Allemagne
95%
2007Allemagne
95%
1938Allemagne
95%
1970Allemagne de l'Est
95%
1974Allemagne de l'Est
95%
1978Allemagne de l'Ouest
95%
1954Allemagne unifiée
95%
1954Suède
95%
1997Suède
95%
2001Suède
95%
1958Suède
95%
1990Suède
95%
1999Suède
95%
1964Suède
95%
1967Danemark
94%
2011Danemark
94%
2013Danemark
94%
1986Yougoslavie
92%
1982Yougoslavie
92%
1999Russie
90%
1993Russie
90%
1997Russie
90%
1982Union soviétique
90%
1978Union soviétique
90%
1990Union soviétique
90%
1995Croatie
85%
2003Croatie
85%
2005Croatie
85%
2009Croatie
85%
2015Qatar
79%
1961Roumanie
75%
1964Roumanie
75%
1970Roumanie
75%
1974Roumanie
75%
1986Hongrie
73%
2007Pologne
67%
1967Tchécoslovaquie
65%
1961Tchécoslovaquie
65%
1958Tchécoslovaquie
65%
1938Autriche
53%

Distribution des résultats

Percentile par nombre de réponses

% des personnes avec chaque résultat

Votre développement - résultats

Vous n’avez pas pris ce quiz